|
|
|
|
| LEADER |
00000nab a2200000 a 4500 |
| 001 |
vtls008186008 |
| 003 |
SK-MaSNL |
| 005 |
20260304140124.0 |
| 008 |
250505c2004 xo |||p||h| |00 b|slo |
| 015 |
|
|
|a SNBRB2005/07
|2 snkbucl
|
| 035 |
|
|
|a (uuid)b33cd0f4-7499-4643-942b-9acd3f7f031c
|
| 035 |
|
|
|a urn:nbn:sk:snk-ab7ht1
|
| 035 |
|
|
|a (urnnbn)urn:nbn:sk:snk:ar-005t60
|
| 038 |
|
|
|a SNKBUCL
|
| 040 |
|
|
|a SNKBUCL
|b slo
|c SNKBUCL
|e AACR2
|
| 041 |
0 |
|
|a slo
|
| 044 |
|
|
|a xo
|c SK
|
| 080 |
|
|
|a 930.25-051
|2 1997
|
| 080 |
|
|
|a 929 Tesák, Peter
|2 1997
|
| 100 |
1 |
|
|a Drahošová, Šarlota,
|d 1951-
|4 aut
|9 8018
|
| 245 |
1 |
0 |
|a Peter Tesák 60-ročný
|c Šarlota Drahošová
|
| 600 |
1 |
7 |
|a Tesák, Peter,
|d 1945-2007
|2 snkbucl
|9 105788
|
| 651 |
|
7 |
|a Bia (Maďarsko)
|2 snkbucl
|9 1456189
|
| 773 |
0 |
|
|t Slovenská archivistika
|g Roč. XL, č. 1 (2005), s. 218-219
|x 0231-6722
|
| 850 |
|
|
|a Slovenská národná knižnica
|
| 852 |
|
|
|a Slovenská národná knižnica
|
| 954 |
|
|
|a odborná, vedecká literatúra pôvodná (slovenská)
|2 lita
|
| 958 |
|
|
|a article7
|
| 958 |
|
|
|a OND
|
| 958 |
|
|
|a BX
|
| 958 |
|
|
|a EUIPO
|
| 999 |
|
|
|c 2913752
|d 2915682
|